000 005920000a22001810004500
003 MACL
005 20160529155409.0
008 160529b xxu||||| |||| 00| 0 eng d
040 _aMACL
_cMACL
041 _aHindi
082 _a891.433 KRI
100 _aकृष्‍णमूर्ति, रा
_960867
245 _aशिवकामी की शपथ
_cरा. कृष्‍णमूर्ति
260 _bसाहित्‍य अकादेमी
_c2001
_aनई दिल्‍ली
350 _a450
650 _aNovel
_960868
942 _cHIN
_k891.433/KRI/N
_2ddc
999 _c12558
_d12558